000 00751nam a2200181Ia 4500
008 100920s9999 xx 000 0 und d
082 _b72941
_a891.43 थ 98
100 _aअग्रवाल बलराम.
245 _aप्रेमचंद की सर्वश्राष्ठ कहानियाँ.
260 _bसाक्षी प्रकाशन, दिल्ली.
_c1998
300 _a176
_bसाधी
365 _b150
520 _aहिंदी.
630 _aप्रेमचंद की सर्वश्राष्ठ कहानियाँ.
650 _aहिंदी.
730 _aप्रेमचंद की सर्वश्राष्ठ कहानियाँ.
942 _cBOOK
999 _c714668
_d714665